[Event "Mayor de Chile 99"]
[Site "?"]
[Date "2000.??.??"]
[Round "1"]
[White "Egger, Jorge"]
[Black "Oyola, Carlos"]
[Result "1-0"]
[WhiteElo "2420"]
[BlackElo "2075"]
[PlyCount "59"]
[EventDate "2000.??.??"]

1. e4 e6 2. d4 d5 3. Nc3 dxe4 4. Nxe4 Nd7 5. Nf3 Ngf6 6. Bg5 Be7 7. Nxf6+ Nxf6
8. Bd3 O-O 9. Qe2 c5 10. dxc5 Qa5+ 11. c3 Qxc5 12. O-O Bd7 13. Ne5 Rfd8 14. Kh1
Bc6 15. f4 h6 16. Bh4 Nd5 17. Bf2 Qd6 18. Bd4 Bf6 19. Qe4 Kf8 20. Qh7 Ke7 21.
Rae1 Rh8 22. Qe4 Nb4 23. Nxc6+ Nxc6 24. Bf2 g6 25. f5 gxf5 26. Qxf5 Be5 27.
Bh4+ f6 28. Bxf6+ Bxf6 29. Qxf6+ Kd7 30. Qg7+ 1-0

[Event "Mayor de Chile 99"]
[Site "?"]
[Date "2000.??.??"]
[Round "1"]
[White "Queirolo, Manuel"]
[Black "Vasquez , Rodrigo"]
[Result "0-1"]
[WhiteElo "2083"]
[BlackElo "2445"]
[PlyCount "82"]

1. e4 e5 2. Nf3 d6 3. d4 Nf6 4. Nc3 Nbd7 5. Bc4 Be7 6. dxe5 dxe5 7. O-O O-O 8.
Bg5 c6 9. a4 Qc7 10. h3 Nc5 11. Qe2 h6 12. Bh4 Ne6 13. Bg3 Bd6 14. Rfd1 Nh5 15.
Bh2 Nef4 16. Qe3 Qe7 17. Ne2 Ng6 18. Ng3 Bc5 19. Qd2 Nf6 20. c3 a5 21. Rab1 Kh8
22. b4 axb4 23. cxb4 Rxa4 24. Bxf7 Qxf7 25. bxc5 Nxe4 26. Nxe4 Rxe4 27. Re1 Bf5
28. Rbc1 Re8 29. Qd6 Rxe1+ 30. Rxe1 e4 31. Nd4 Bc8 32. Bg3 Kh7 33. Re3 Qg8 34.
Qc7 Qc4 35. Nb3 Qd5 36. Kh2 Nf8 37. Bd6 Nd7 38. f3 Nf6 39. Na5 exf3 40. Rxf3
Re2 41. Rg3 Nh5 0-1

[Event "Mayor de Chile 99"]
[Site "?"]
[Date "2000.??.??"]
[Round "2"]
[White "Schweitzer, Juan Pablo"]
[Black "Egger, Jorge"]
[Result "0-1"]
[WhiteElo "2200"]
[BlackElo "2420"]
[PlyCount "90"]
[EventDate "2000.??.??"]

1. e4 e6 2. d4 d5 3. Nc3 Bb4 4. e5 c5 5. a3 Bxc3+ 6. bxc3 Ne7 7. h4 Qa5 8. Bd2
Qa4 9. Nf3 cxd4 10. cxd4 Nbc6 11. Bd3 Nxd4 12. h5 Nec6 13. Kf1 Nxf3 14. Qxf3
Qd4 15. Re1 Nxe5 16. Bb5+ Bd7 17. Bxd7+ Nxd7 18. Bg5 h6 19. Rh4 Qc5 20. Be3
Qxa3 21. Qg3 Rg8 22. Rg4 Kf8 23. c3 e5 24. Kg1 Qd6 25. Ra1 b6 26. c4 Nf6 27.
Bc1 Qe6 28. Ba3+ Ke8 29. Rxg7 Kd7 30. cxd5 Qxd5 31. Qh3+ Kc7 32. Rxg8 Rxg8 33.
Be7 Nxh5 34. Rxa7+ Kb8 35. Rd7 Rxg2+ 36. Qxg2 Qxd7 37. Qg8+ Kb7 38. Qxf7 Nf4
39. Qg7 h5 40. Bf6 Qxg7+ 41. Bxg7 Ng6 42. Kg2 Kc6 43. Kf3 Kd5 44. Ke3 b5 45.
Kd3 h4 0-1

[Event "Mayor de Chile 99"]
[Site "?"]
[Date "2000.??.??"]
[Round "3"]
[White "Egger, Jorge"]
[Black "Riquelme, Daniel"]
[Result "1-0"]
[WhiteElo "2420"]
[BlackElo "2210"]
[PlyCount "171"]
[EventDate "2000.??.??"]

1. e4 d6 2. d4 Nf6 3. Nc3 e5 4. Nf3 Nbd7 5. Bc4 Be7 6. O-O O-O 7. a4 a5 8. h3
c6 9. Ba2 Qc7 10. Re1 h6 11. Be3 Re8 12. Nh4 Nf8 13. Qf3 Be6 14. Nf5 Bxa2 15.
Rxa2 Kh7 16. Raa1 Ng8 17. Rad1 g6 18. Ng3 Bf6 19. d5 Kg7 20. Rd2 Nh7 21. Red1
c5 22. Qe2 Bg5 23. Nf1 f5 24. Bxg5 hxg5 25. Ne3 Rf8 26. Nc4 Rad8 27. Nb5 Qe7
28. Nxa5 Nh6 29. g4 fxe4 30. Nc3 Rf3 31. Kg2 Rdf8 32. Nxe4 Qd7 33. Qxf3 Rxf3
34. Kxf3 Nf5 35. Nc4 Nd4+ 36. Kg2 Nf6 37. Nxf6 Kxf6 38. c3 Nb3 39. Rd3 Ke7 40.
Nd2 Nxd2 41. R1xd2 Qxa4 42. f3 Qf4 43. Re2 Kd7 44. Rde3 b5 45. b3 Kc7 46. Rd3
Qc1 47. Rde3 Qa1 48. c4 bxc4 49. bxc4 Qd4 50. Re4 Qc3 51. Rf2 Qc1 52. Rf1 Qb2+
53. Kg3 Kd7 54. Rh1 Ke7 55. h4 gxh4+ 56. Rxh4 Kf6 57. Rh1 Kg5 58. Rh2 Qa1 59.
Rg2 Qh1 60. Kf2 Qh4+ 61. Ke2 Qh1 62. Rf2 Qb1 63. Rf1 Qc2+ 64. Ke3 Qc3+ 65. Kf2
Qc2+ 66. Kg3 Qb2 67. Rf2 Qa1 68. Rg2 Qh1 69. Kf2 Qh3 70. Kg1 Qh4 71. Rf2 Qg3+
72. Kf1 Qh3+ 73. Ke2 Qh1 74. Kd3 Qd1+ 75. Rd2 Qb3+ 76. Ke2 Qa3 77. Rd3 Qa2+ 78.
Ke3 Qb1 79. Rc3 Qe1+ 80. Kd3 Qf1+ 81. Kd2 Qg2+ 82. Re2 Qg1 83. Ree3 Kf4 84. Re2
Qf1 85. Ree3 Qxf3 86. Rxf3+ 1-0

[Event "Mayor de Chile 99"]
[Site "?"]
[Date "2000.??.??"]
[Round "3"]
[White "Guerb, Leonid"]
[Black "Vasquez, Rodrigo"]
[Result "0-1"]
[WhiteElo "2267"]
[BlackElo "2445"]
[PlyCount "98"]

1. Nf3 Nf6 2. c4 c6 3. g3 d5 4. b3 Bg4 5. Bg2 e6 6. O-O Nbd7 7. Bb2 Bd6 8. d3
O-O 9. Nbd2 Qe7 10. h3 Bh5 11. Qc2 a5 12. a3 Rfe8 13. e4 dxe4 14. dxe4 Bxf3 15.
Nxf3 e5 16. Rfe1 Red8 17. Qc3 Ne8 18. h4 Nef6 19. Bh3 Nc5 20. Qc2 Bc7 21. Bf1
h6 22. Rab1 Ne6 23. b4 axb4 24. axb4 c5 25. Nxe5 cxb4 26. Nd3 Bb6 27. Nxb4 Ng4
28. Nd5 Rxd5 29. exd5 Bxf2+ 30. Qxf2 Nxf2 31. dxe6 Ng4 32. Bd4 Qc7 33. exf7+
Kxf7 34. Bg2 Qxg3 35. Rxb7+ Kg6 36. Rxg7+ Kh5 37. Re5+ Kxh4 38. Rxg4+ Kxg4 39.
Re4+ Kf5 40. Kh1 Ra2 41. Re5+ Qxe5 42. Bxe5 Kxe5 43. c5 Rc2 44. c6 Kf4 45. Kh2
Kg4 46. c7 Rxc7 47. Bd5 Rc2+ 48. Kg1 Kg3 49. Kf1 h5 0-1

[Event "Mayor de Chile 99"]
[Site "?"]
[Date "2000.??.??"]
[Round "3"]
[White "Ulloa, Juan"]
[Black "Guerb, Leonid"]
[Result "0-1"]
[WhiteElo "2098"]
[BlackElo "2267"]
[PlyCount "70"]

1. d4 Nf6 2. c4 g6 3. Nc3 d5 4. Bf4 Bg7 5. e3 O-O 6. Nxd5 Nxd5 7. cxd5 Qxd5 8.
Bxc7 Nc6 9. Nf3 Bf5 10. Qb3 Qxb3 11. axb3 Rfc8 12. Be5 Nb4 13. Rd1 Bc2 14. Rd2
Bxb3 15. Be2 Rc1+ 16. Bd1 Nc2+ 17. Rxc2 Bxc2 18. Kd2 Rxd1+ 19. Rxd1 Bxd1 20.
Kxd1 Bxe5 21. Nxe5 f6 22. Nd3 Rc8 23. Kd2 Kf7 24. f3 Ke6 25. Nc5+ Rxc5 26. dxc5
Kd5 27. c6 Kxc6 28. h4 h5 29. Kc3 a5 30. Kc4 e5 31. g4 f5 32. gxh5 gxh5 33. f4
b5+ 34. Kc3 exf4 35. exf4 Kc5 0-1

[Event "Mayor de Chile 99"]
[Site "?"]
[Date "2000.??.??"]
[Round "4"]
[White "Barbosa, Manuel"]
[Black "Egger, Jorge"]
[Result "0-1"]
[WhiteElo "2210"]
[BlackElo "2420"]
[PlyCount "112"]
[EventDate "2000.??.??"]

1. d4 Nf6 2. Nf3 g6 3. g3 Bg7 4. Bg2 O-O 5. O-O d6 6. b3 e5 7. Bb2 e4 8. Ne1
Bf5 9. c4 Qd7 10. Nc3 Re8 11. Nc2 Bh3 12. Ne3 Bxg2 13. Kxg2 Nc6 14. Ncd5 Nd8
15. Nxf6+ Bxf6 16. Qc2 Bg7 17. d5 f5 18. Bxg7 Qxg7 19. Rac1 b6 20. Qc3 a5 21.
a3 Nf7 22. Qxg7+ Kxg7 23. Nc2 Kf6 24. Nd4 Ne5 25. Rc3 Re7 26. Rb1 g5 27. f3
exf3+ 28. exf3 Nd7 29. Rb2 Rae8 30. Kf2 Re1 31. Ne6 Rh1 32. Kg2 Ra1 33. b4 Nf8
34. Nxf8 Rxf8 35. Re2 axb4 36. axb4 Rb1 37. c5 Rxb4 38. cxd6 cxd6 39. Re6+ Kg7
40. Rxd6 Rb2+ 41. Kh3 b5 42. Rb6 b4 43. Rc4 Rf6 44. Rb7+ Rf7 45. Rbxb4 Rf2 46.
Rc3 h5 47. Rb6 Rf6 48. Rbc6 Kg6 49. g4 Rxf3+ 50. Kg2 fxg4 51. R3c5 Rd3 52. Rb5
Rd2+ 53. Kg3 Rd3+ 54. Kg2 h4 55. Rb4 h3+ 56. Kg1 Rd1# 0-1

[Event "Mayor de Chile 99"]
[Site "?"]
[Date "2000.??.??"]
[Round "4"]
[White "Romero, Diego"]
[Black "Jorquera, Marcelo"]
[Result "0-1"]
[WhiteElo "2057"]
[BlackElo "2290"]
[PlyCount "56"]

1. e4 d5 2. exd5 Nf6 3. d4 Bg4 4. Nf3 Qxd5 5. Nc3 Qh5 6. Bb5+ Nc6 7. Bf4 O-O-O
8. Bxc6 bxc6 9. Qd3 Bxf3 10. gxf3 Nd5 11. Be5 Nb4 12. Qc4 Qxf3 13. Kd2 f6 14.
Bxc7 Qxf2+ 15. Ne2 Kxc7 16. Qxb4 e5 17. Qa5+ Kc8 18. Qa6+ Kb8 19. Kc1 exd4 20.
Ng3 Qf4+ 21. Kb1 Qd6 22. Rd1 c5 23. Qb5+ Qb6 24. Qc4 Qb4 25. Qxb4+ cxb4 26. Nf5
Kb7 27. Nxd4 Bc5 28. c3 Bxd4 0-1

[Event "Mayor de Chile 99"]
[Site "?"]
[Date "2000.??.??"]
[Round "4"]
[White "Vasquez, Rodrigo"]
[Black "Velasquez, Cesar"]
[Result "1-0"]
[WhiteElo "2445"]
[BlackElo "2320"]
[PlyCount "115"]

1. e4 c5 2. Nf3 d6 3. d4 cxd4 4. Nxd4 Nf6 5. Nc3 a6 6. Bg5 e6 7. f4 Nbd7 8. Qf3
Qc7 9. O-O-O h6 10. Bh4 Be7 11. Be2 g5 12. fxg5 Ne5 13. Qe3 Nfg4 14. Bxg4 Nxg4
15. Qd2 Bd7 16. Nf3 hxg5 17. Bxg5 f6 18. Be3 Nxe3 19. Qxe3 O-O-O 20. Kb1 Rdg8
21. g3 Kb8 22. Rhe1 Rh5 23. Ne2 Rc5 24. c3 e5 25. Nh4 Be6 26. Nc1 d5 27. exd5
Rxd5 28. Rxd5 Bxd5 29. Nf5 Bc5 30. Qe2 Qh7 31. Qc2 Rg4 32. Qd3 Bc6 33. Ka1 Qxh2
34. Qd8+ Ka7 35. Qxf6 Qd2 36. Qxe5 Bf2 37. Rf1 Re4 38. Qd6 Bd5 39. Qh6 Qc2 40.
Qh2 Re1 41. Rxe1 Be4 42. Ne2 Bxe1 43. Qg1+ b6 44. Qxe1 Bxf5 45. Nd4 Qe4 46.
Qxe4 Bxe4 47. c4 Kb7 48. b4 Kc7 49. Kb2 Kd6 50. Kc3 Ke5 51. Nb3 Kf5 52. c5 b5
53. Kd4 Bb1 54. a3 Kg4 55. Ke5 Bf5 56. c6 Bc8 57. Nc5 Kxg3 58. Nd7 1-0

[Event "Mayor de Chile 99"]
[Site "?"]
[Date "2000.02.14"]
[Round "5"]
[White "Egger, Jorge"]
[Black "Vasquez, Rodrigo"]
[Result "1-0"]
[WhiteElo "2421"]
[BlackElo "2445"]
[PlyCount "87"]

1. e4 e6 2. d4 d5 3. Nc3 Bb4 4. e5 c5 5. a3 Bxc3+ 6. bxc3 Ne7 7. h4 b6 8. h5 h6
9. Qg4 Kf8 10. Nf3 Ba6 11. Bd3 Qc7 12. O-O Bxd3 13. cxd3 Nd7 14. Re1 Kg8 15. a4
Kh7 16. c4 Rhe8 17. Ba3 Rac8 18. Rac1 Qb7 19. cxd5 Nxd5 20. Nd2 Nb4 21. dxc5
bxc5 22. Rb1 Qd5 23. Bxb4 cxb4 24. Nc4 a5 25. Nd6 Nxe5 26. Qe4+ Qxe4 27. dxe4
Red8 28. Nxc8 Rxc8 29. Red1 Rc3 30. Rd8 Ra3 31. Rb8 Rxa4 32. Rc1 g5 33. Rb5 Nd3
34. Rc7 Kg7 35. Ra7 Ra1+ 36. Kh2 Nxf2 37. e5 Rh1+ 38. Kg3 Ne4+ 39. Kf3 Nc3 40.
Rbb7 Rf1+ 41. Kg3 Rf4 42. Kh3 a4 43. g3 Re4 44. Rxf7+ 1-0

[Event "Mayor de Chile 99"]
[Site "?"]
[Date "2000.??.??"]
[Round "6"]
[White "Arancibia, Eduardo"]
[Black "Lauridsen, Jesper"]
[Result "0-1"]
[WhiteElo "2379"]
[BlackElo "2270"]
[PlyCount "56"]

1. d4 d5 2. c4 e6 3. Nc3 c5 4. cxd5 cxd4 5. Qa4+ Bd7 6. Qxd4 exd5 7. Qxd5 Nc6
8. Nf3 Nf6 9. Qd1 Bc5 10. e3 Qe7 11. Be2 O-O-O 12. Bd2 g5 13. Rc1 g4 14. Nd4
Kb8 15. O-O h5 16. b4 Bxb4 17. Ncb5 Bxd2 18. Qxd2 h4 19. Rxc6 Bxc6 20. Nxc6+
bxc6 21. Nd4 Ka8 22. Qc2 Rc8 23. h3 Rhg8 24. Nxc6 Qb7 25. Rc1 gxh3 26. Bf3
Rxg2+ 27. Bxg2 hxg2 28. Qe4 Nd7 0-1

[Event "Mayor de Chile 99"]
[Site "?"]
[Date "2000.??.??"]
[Round "6"]
[White "Araya, Gonzalo"]
[Black "Soza, José"]
[Result "0-1"]
[WhiteElo "2238"]
[BlackElo "2165"]
[PlyCount "133"]

1. f4 d5 2. Nf3 Nf6 3. e3 e6 4. b3 c5 5. Bb2 Bd6 6. Be2 a6 7. O-O Nbd7 8. Qe1
O-O 9. Ne5 Qc7 10. Nxd7 Nxd7 11. Bd3 f5 12. c4 Nf6 13. Nc3 Bd7 14. Qh4 Bc6 15.
h3 Ne4 16. Bxe4 dxe4 17. g4 Qe7 18. g5 b5 19. Ne2 Rfd8 20. Qf2 Be8 21. Ng3 Bc7
22. h4 Rd3 23. Qg2 Rad8 24. Rf2 Qd7 25. cxb5 axb5 26. Rc1 Rxd2 27. Nf1 Rxf2 28.
Qxf2 Qd5 29. Qc2 Bb6 30. Qc3 Rd7 31. Kf2 b4 32. Qe5 Qxe5 33. Bxe5 Rd3 34. Rc2
Bb5 35. h5 Rd1 36. Nd2 Rh1 37. Kg2 Re1 38. Nc4 Bxc4 39. bxc4 Rxe3 40. Rd2 Rd3
41. Rxd3 exd3 42. Kf2 g6 43. hxg6 hxg6 44. Ke3 Kf7 45. Kxd3 Ke7 46. Ke3 Kd7 47.
Bf6 Bc7 48. Bg7 Kc6 49. Bf6 Bd6 50. Bg7 Kb6 51. Bb2 Ka5 52. Bc1 e5 53. fxe5
Bxe5 54. Kd3 Ka4 55. Kc2 Bd4 56. Kd3 Ka5 57. Bf4 Kb6 58. Ke2 Kc6 59. Kf3 Kd7
60. Bc1 Ke6 61. Bd2 Kd6 62. Bc1 Kc6 63. Ke2 Kb6 64. Kd3 Ka5 65. Bf4 Ka4 66. Bc1
f4 67. Bxf4 0-1

[Event "Mayor de Chile 99"]
[Site "?"]
[Date "2000.??.??"]
[Round "6"]
[White "Guerb, Leonid"]
[Black "Salas, Cristian"]
[Result "0-1"]
[WhiteElo "2267"]
[BlackElo "2288"]
[PlyCount "108"]

1. Nf3 Nf6 2. c4 e6 3. g3 c5 4. Bg2 Nc6 5. O-O Be7 6. d4 cxd4 7. Nxd4 O-O 8.
Nc3 a6 9. b3 Qc7 10. Bb2 Nxd4 11. Qxd4 Rb8 12. Rac1 b6 13. Na4 d6 14. Rfd1 Rd8
15. e4 Ne8 16. Qe3 Bd7 17. Nc3 Bf6 18. Ba3 Bc8 19. Na4 Rd7 20. Rd3 Qd8 21. Nc3
b5 22. cxb5 Qa5 23. Bb2 axb5 24. a3 b4 25. axb4 Qxb4 26. Na2 Qa5 27. Bxf6 Nxf6
28. Qd2 Qxd2 29. Rxd2 Bb7 30. f3 g5 31. Rcd1 g4 32. Nc3 gxf3 33. Bxf3 Rc8 34.
Rd3 Ba6 35. Re3 Rdc7 36. Ne2 Ne8 37. Nd4 Rb8 38. Ra1 Rb6 39. Be2 Bxe2 40. Ra8
Bb5 41. Nxb5 Rxb5 42. Rxe8+ Kg7 43. Rd8 Rb6 44. Rd3 Rcb7 45. R8xd6 Rxd6 46.
Rxd6 Rxb3 47. Rd2 Re3 48. Rd4 Kf6 49. Kf2 Rc3 50. h3 Ke5 51. Ra4 f6 52. Rb4 h6
53. Ra4 Rd3 54. Rb4 Rd4 0-1

[Event "Mayor de Chile 99"]
[Site "?"]
[Date "2000.??.??"]
[Round "7"]
[White "Egger, Jorge"]
[Black "Velasquez, César"]
[Result "1-0"]
[WhiteElo "2420"]
[BlackElo "2320"]
[PlyCount "71"]
[EventDate "2000.??.??"]

1. e4 Nc6 2. d4 e5 3. dxe5 Nxe5 4. Nf3 Ng6 5. Bc4 d6 6. Nc3 c6 7. h4 Be7 8. h5
Ne5 9. Nxe5 dxe5 10. Qf3 Nf6 11. h6 g6 12. Bg5 Bg4 13. Qg3 Nh5 14. Bxe7 Nxg3
15. Bxd8 Nxh1 16. Bf6 O-O 17. f3 Bc8 18. Bxe5 Re8 19. Bh2 b5 20. Bd3 g5 21. Kf1
Re6 22. Kg1 Rxh6 23. Kxh1 g4 24. Kg1 gxf3 25. gxf3 Be6 26. Bf4 Rg6+ 27. Kf2 f6
28. e5 f5 29. Ne2 Rd8 30. Be3 Kf7 31. a4 a6 32. axb5 axb5 33. Ra6 Bc8 34. Ra7+
Kg8 35. Ra8 Rf8 36. Bc5 1-0

[Event "Mayor de Chile 99"]
[Site "?"]
[Date "2000.??.??"]
[Round "7"]
[White "Lauridsen, Jesper"]
[Black "Vasquez, Rodrigo"]
[Result "0-1"]
[WhiteElo "2270"]
[BlackElo "2445"]
[PlyCount "64"]

1. e4 e6 2. d3 d5 3. Nd2 c5 4. Ngf3 Nc6 5. g3 g6 6. Bg2 Bg7 7. O-O Nge7 8. Re1
b6 9. exd5 exd5 10. c3 O-O 11. Nf1 h6 12. h4 Be6 13. Bf4 Rc8 14. Qd2 Kh7 15.
N1h2 Qd7 16. d4 cxd4 17. cxd4 f6 18. Bf1 Nf5 19. Bd3 h5 20. Rab1 Nd6 21. Bxd6
Qxd6 22. Rxe6 Qxe6 23. Re1 Qd7 24. Qd1 Bh6 25. Qb1 Rg8 26. g4 hxg4 27. Bxg6+
Kh8 28. Ng5 fxg5 29. Bf5 Qg7 30. Re6 Nxd4 31. Rg6 Ne2+ 32. Kf1 Rc1+ 0-1

[Event "Mayor de Chile 99"]
[Site "?"]
[Date "2000.??.??"]
[Round "7"]
[White "Utman, Carlos"]
[Black "Romero, Diego"]
[Result "1-0"]
[WhiteElo "2095"]
[BlackElo "2057"]
[PlyCount "51"]

1. e4 c6 2. d4 d5 3. Nc3 dxe4 4. Nxe4 Bf5 5. Ng3 Bg6 6. Nf3 Nd7 7. h4 h6 8. h5
Bh7 9. Bd3 Bxd3 10. Qxd3 Qc7 11. Bd2 O-O-O 12. O-O-O Ngf6 13. Ne4 e6 14. g3 Nc5
15. Nxc5 Bxc5 16. Rh4 Bd6 17. Qe2 Rhe8 18. Ne5 c5 19. Nc4 cxd4 20. Rxd4 Bc5 21.
Bf4 Qc6 22. Ne5 Qc7 23. Nxf7 Qxf7 24. Qe5 Bd6 25. Rxd6 Nd5 26. Rc6+ 1-0

[Event "Mayor de Chile 99"]
[Site "?"]
[Date "2000.??.??"]
[Round "8"]
[White "Toloza, Pablo"]
[Black "Egger, Jorge"]
[Result "1/2-1/2"]
[WhiteElo "2345"]
[BlackElo "2420"]
[PlyCount "77"]
[EventDate "2000.??.??"]

1. d4 Nf6 2. c4 g6 3. Nc3 Bg7 4. g3 O-O 5. Bg2 d6 6. Nf3 c6 7. O-O Qa5 8. h3
Qa6 9. b3 b5 10. Nd2 Bb7 11. Bb2 Nbd7 12. Qc2 bxc4 13. Nxc4 Nb6 14. Nd2 Nbd5
15. a3 Nxc3 16. Qxc3 Nd5 17. Qc4 Qb6 18. Qc2 a5 19. Nc4 Qa7 20. Qd2 Nb6 21. Ne3
Nd5 22. Nc4 Nb6 23. Rfc1 Rfc8 24. Ne3 Nd5 25. Ng4 Qb6 26. e4 Nf6 27. Nxf6+ Bxf6
28. Bc3 c5 29. e5 Bg7 30. Bxb7 Qxb7 31. exd6 exd6 32. dxc5 Bxc3 33. Rxc3 dxc5
34. Rac1 a4 35. Qe3 axb3 36. Rxb3 Qd5 37. Rb5 Qa2 38. Rcxc5 Re8 39. Re5 1/2-1/2

[Event "Mayor de Chile 99"]
[Site "?"]
[Date "2000.??.??"]
[Round "8"]
[White "Vasquez, Rodrigo"]
[Black "Michel, Cristian"]
[Result "1/2-1/2"]
[WhiteElo "2445"]
[BlackElo "2338"]
[PlyCount "72"]

1. e4 e5 2. Nf3 Nc6 3. Bb5 a6 4. Ba4 d6 5. Bxc6+ bxc6 6. d4 exd4 7. Nxd4 Bd7 8.
c4 g6 9. O-O Bg7 10. Nc3 Ne7 11. Bf4 c5 12. Nf3 f6 13. Qd2 O-O 14. Bh6 Bg4 15.
Bxg7 Kxg7 16. Ne1 Nc6 17. Nc2 Be6 18. b3 Qd7 19. Rae1 Rae8 20. f4 f5 21. Nd5
Qd8 22. exf5 Bxf5 23. Qc3+ Kf7 24. Nce3 Nd4 25. Nxf5 gxf5 26. Qa5 c6 27. Qxd8
Rxd8 28. Re7+ Kg6 29. Nb6 Rf7 30. Rfe1 Kf6 31. R7e3 Rb8 32. Na4 Rbb7 33. Rh3
Kg7 34. Nc3 Rfe7 35. Rhe3 Rxe3 36. Rxe3 Kf7 1/2-1/2

[Event "Mayor de Chile 99"]
[Site "?"]
[Date "2000.??.??"]
[Round "9"]
[White "Egger, Jorge"]
[Black "Arancibia, Eduardo"]
[Result "1-0"]
[WhiteElo "2420"]
[BlackElo "2375"]
[PlyCount "61"]
[EventDate "2000.??.??"]

1. e4 c5 2. Nc3 e6 3. Nge2 a6 4. d4 cxd4 5. Nxd4 Qc7 6. Be2 Nf6 7. O-O Bb4 8.
Qd3 Nc6 9. Nxc6 dxc6 10. a4 O-O 11. f4 Rd8 12. Qf3 e5 13. f5 Bxc3 14. bxc3 b5
15. g4 Bb7 16. g5 Ne8 17. g6 c5 18. gxh7+ Kh8 19. Qg2 Nf6 20. Bf3 Rd6 21. Kh1
Nxh7 22. Rg1 Rg8 23. axb5 axb5 24. Qh3 g6 25. Rg4 gxf5 26. Rh4 f6 27. Qxf5 Qd7
28. Qh5 f5 29. Be3 c4 30. Ra7 Rg7 31. Rxb7 1-0

[Event "Mayor de Chile 99"]
[Site "?"]
[Date "2000.??.??"]
[Round "9"]
[White "Salas, Cristian"]
[Black "Vasquez, Rodrigo"]
[Result "1/2-1/2"]
[WhiteElo "2288"]
[BlackElo "2445"]
[PlyCount "54"]

1. d4 d5 2. c4 c6 3. Nf3 Nf6 4. Nc3 dxc4 5. a4 Bf5 6. e3 e6 7. Bxc4 Bb4 8. O-O
O-O 9. Qe2 Nbd7 10. e4 Bg6 11. Bd3 Qa5 12. Bf4 c5 13. Nb5 a6 14. Bc7 b6 15. Nd6
cxd4 16. Nc4 Qh5 17. Nxb6 Ra7 18. Nxd7 Nxd7 19. Rfc1 a5 20. Nxd4 Qxe2 21. Bxe2
Bxe4 22. Nb5 Raa8 23. Bd6 Bxd6 24. Nxd6 Bd5 25. Bb5 Ra7 26. Nc8 Rb7 27. Nd6 Ra7
1/2-1/2

[Event "Mayor de Chile 99"]
[Site "?"]
[Date "2000.??.??"]
[Round "10"]
[White "Arancibia, Eduardo"]
[Black "Salas, Cristian"]
[Result "1-0"]
[WhiteElo "2379"]
[BlackElo "2288"]
[PlyCount "85"]

1. d4 Nf6 2. c4 e6 3. Nf3 c5 4. e3 d5 5. cxd5 Nxd5 6. Nc3 cxd4 7. exd4 Be7 8.
Bd3 O-O 9. O-O b6 10. Nxd5 exd5 11. Qc2 h6 12. Bf4 Bb7 13. Bc7 Qe8 14. Rfe1 Nc6
15. Bb5 Qc8 16. Bf4 Bf6 17. Rac1 Qg4 18. Qd2 Rfc8 19. h3 Qh5 20. Kh2 Qf5 21.
Bd3 Qd7 22. Bb1 Ne7 23. Ne5 Qd8 24. Qd3 Kf8 25. Qh7 Ng8 26. Bf5 Rxc1 27. Bxc1
Bc8 28. b3 Bxf5 29. Qxf5 Bxe5+ 30. Rxe5 Nf6 31. Ba3+ Kg8 32. Be7 Qc8 33. Bxf6
Qxf5 34. Rxf5 gxf6 35. Rxd5 Re8 36. Rd7 a5 37. Rd6 Re2 38. Rxf6 Rxa2 39. Rxb6
Rxf2 40. Rxh6 Rb2 41. Ra6 Rxb3 42. Rxa5 Rd3 43. Rd5 1-0

[Event "Mayor de Chile 99"]
[Site "?"]
[Date "2000.??.??"]
[Round "10"]
[White "Lobos, Miguel"]
[Black "Egger, Jorge"]
[Result "1/2-1/2"]
[WhiteElo "2215"]
[BlackElo "2420"]
[PlyCount "37"]
[EventDate "2000.??.??"]

1. c4 e5 2. Nc3 Nf6 3. g3 Bb4 4. Bg2 O-O 5. Nd5 Nxd5 6. cxd5 c6 7. Qb3 Qa5 8.
a3 Na6 9. dxc6 dxc6 10. Nf3 Be6 11. Qc2 e4 12. Nd4 Bd5 13. O-O Rfe8 14. b3 Bd6
15. Bb2 Be5 16. b4 Qb6 17. Nf5 c5 18. Ne3 Bxb2 19. Qxb2 1/2-1/2

[Event "Mayor de Chile 99"]
[Site "?"]
[Date "2000.??.??"]
[Round "10"]
[White "Michel, Cristian"]
[Black "Guerb, leonid"]
[Result "1/2-1/2"]
[WhiteElo "2338"]
[BlackElo "2267"]
[PlyCount "90"]

1. d4 Nf6 2. c4 g6 3. Nc3 d5 4. Nf3 Bg7 5. Bg5 Ne4 6. cxd5 Nxg5 7. Nxg5 e6 8.
Qa4+ Bd7 9. Qb3 Qxg5 10. Qxb7 O-O 11. Qxa8 Nc6 12. Qb7 Nxd4 13. Kd1 Qf5 14. f3
Qc2+ 15. Ke1 Nxf3+ 16. gxf3 Bxc3+ 17. bxc3 Qxc3+ 18. Kf2 Qxa1 19. Qxa7 exd5 20.
Qxc7 Ba4 21. h4 h5 22. Qf4 Qxa2 23. Rg1 Qc4 24. Qf6 Bc2 25. Kg3 Qc7+ 26. Qf4
Qb6 27. Kh2 Qf2+ 28. Kh1 Re8 29. Qg3 Qd4 30. Kg2 Bb3 31. Kh2 Bc4 32. Rg2 Kg7
33. Rf2 Qd1 34. Qg2 Qd4 35. Qg3 Qe5 36. Qxe5+ Rxe5 37. Kg3 Re3 38. Rg2 f5 39.
Kf2 d4 40. Rg3 Kf6 41. Rg2 Ra3 42. Rg3 Ra2 43. Ke1 Ra1+ 44. Kf2 Ra2 45. Ke1
Ra1+ 1/2-1/2

[Event "Mayor de Chile 99"]
[Site "?"]
[Date "2000.??.??"]
[Round "10"]
[White "Ulloa, Juan"]
[Black "Jorquera, Marcelo"]
[Result "0-1"]
[WhiteElo "2098"]
[BlackElo "2290"]
[PlyCount "54"]

1. Nf3 d5 2. d4 Bf5 3. c4 e6 4. Nc3 c6 5. cxd5 exd5 6. Qb3 Qb6 7. Qxb6 axb6 8.
e3 Nf6 9. Ne5 Nbd7 10. Nd3 Bd6 11. f3 h5 12. Bd2 O-O 13. b3 b5 14. Kf2 Ra7 15.
Be2 Rfa8 16. Rac1 Nb6 17. Nc5 Nfd7 18. b4 Bxc5 19. dxc5 Na4 20. Nb1 Ne5 21. e4
dxe4 22. fxe4 Bxe4 23. Ke3 Bg6 24. Rhe1 Nb2 25. Rf1 Nbc4+ 26. Bxc4 Nxc4+ 27.
Ke2 Re8+ 0-1

[Event "Mayor de Chile 99"]
[Site "?"]
[Date "2000.??.??"]
[Round "10"]
[White "Vasquez, Rodrigo"]
[Black "Toloza, Pablo"]
[Result "1-0"]
[WhiteElo "2445"]
[BlackElo "2370"]
[PlyCount "49"]

1. e4 c5 2. Nf3 d6 3. d4 cxd4 4. Nxd4 Nf6 5. Nc3 a6 6. Bg5 e6 7. f4 Be7 8. Qf3
Qa5 9. O-O-O Bd7 10. g4 Nc6 11. Nb3 Qc7 12. Bh4 h6 13. Bg3 g5 14. e5 Nh7 15.
exd6 Bxd6 16. Rxd6 Qxd6 17. fxg5 e5 18. Ne4 Qg6 19. h4 O-O-O 20. h5 Qg8 21.
Nbc5 f5 22. Nd6+ Kc7 23. Nc4 Qxg5+ 24. Kb1 Qxg4 25. Bxe5+ 1-0

[Event "Mayor de Chile 99"]
[Site "?"]
[Date "2000.??.??"]
[Round "11"]
[White "Arancibia, Eduardo"]
[Black "Vasquez, Rodrigo"]
[Result "0-1"]
[WhiteElo "2379"]
[BlackElo "2445"]
[PlyCount "82"]

1. d4 d5 2. c4 dxc4 3. Nf3 Nf6 4. Nc3 c6 5. a4 Bf5 6. e3 e6 7. Bxc4 Bb4 8. O-O
O-O 9. Qe2 Bg6 10. Ne5 Nbd7 11. Nxg6 hxg6 12. Na2 Bd6 13. Nc3 e5 14. d5 e4 15.
dxc6 bxc6 16. Rd1 Qe7 17. Bd2 Rab8 18. Rab1 Ne5 19. h3 Rb4 20. b3 Nxc4 21. bxc4
Qe5 22. g3 Rfb8 23. Be1 Qe6 24. Kg2 a5 25. Rxb4 axb4 26. Nb1 Be5 27. a5 c5 28.
Nd2 b3 29. Nb1 b2 30. Qc2 Qf5 31. Bc3 Qf3+ 32. Kh2 Bc7 33. a6 Nh5 34. Rg1 Ra8
35. Bxb2 Rxa6 36. Nc3 Be5 37. Na4 Bxb2 38. Nxb2 g5 39. g4 Nf4 40. Rg3 Qe2 41.
Qxe4 Qxf2+ 0-1

[Event "Mayor de Chile 99"]
[Site "?"]
[Date "2000.??.??"]
[Round "11"]
[White "Egger, Jorge"]
[Black "Leon, Rodrigo"]
[Result "0-1"]
[WhiteElo "2420"]
[BlackElo "2180"]
[PlyCount "122"]
[EventDate "2000.??.??"]

1. e4 c5 2. Nc3 Nc6 3. Nge2 d6 4. d4 cxd4 5. Nxd4 Nf6 6. Bg5 e6 7. Qd2 a6 8.
O-O-O Bd7 9. f4 h6 10. Bh4 g5 11. fxg5 Ng4 12. Nf3 hxg5 13. Bg3 Be7 14. Be2
Nge5 15. Rhf1 b5 16. Nxe5 Nxe5 17. Qd4 f6 18. Rd2 Qc7 19. h3 Bc6 20. Bg4 Nxg4
21. hxg4 O-O-O 22. a4 Qb7 23. axb5 axb5 24. Re1 Rd7 25. Rd3 Qa6 26. Nb1 e5 27.
Qc3 Qb7 28. Nd2 Kb8 29. Qa5 Qa7 30. Nb3 Rc7 31. Qd2 Qa4 32. Qe3 Rhc8 33. Rc3
Bb7 34. Rxc7 Rxc7 35. Kb1 d5 36. exd5 Bxd5 37. Rh1 Qa7 38. Qd2 Be4 39. Bf2 Qa4
40. Rh8+ Rc8 41. Rxc8+ Kxc8 42. Qc3+ Qc4 43. Qxc4+ bxc4 44. Nd2 Bd5 45. g3 Kd7
46. Nf1 Be6 47. Ne3 Bc5 48. Kc1 Bd4 49. c3 Bc5 50. Kd2 Kc6 51. Ke2 e4 52. Kf1
Kb5 53. Ke2 Ka4 54. Kd2 Kb3 55. Kc1 Ka2 56. Bg1 Bxg4 57. Nxg4 Bxg1 58. Nxf6 e3
59. Kc2 Bf2 60. g4 e2 61. Kd2 e1=Q+ 0-1